00387nam a2200145Ia 4500008004100000082001400041100002100055245005600076250000800132260002500140300001200165500002400177650001500201700002500216230524s9999 xx 000 0 und d a1.42bGAR aVinod Kumar Garg 0aEnterprise Resource Planning: Concepts and Practice a2ND aNEW DELHIbPHIc2011 aVII;185 aQuantity Number: 2 aManagement a N.K.Venkitakrishnan